00370nam a22001457a 450000500170000000800410001702000170005804100080007508200160008310000170009924500420011626000430015830000080020165000150020920180313115458.0160503b xxu||||| |||| 00| 0 eng d a81-2590942-7 aeng b1123a332.6 aRaman V.N.S. aInvestment Principles and Techniques. bVikas Publishing house Pvt. Ltd.c2001 a461 aManagement